[Event "Africa-ch U20"]
[Site "Bejaia"]
[Date "2022.11.16"]
[Round "6"]
[White "Lutuima, Amaro"]
[Black "Abdellahi, Khaled Abdellahi"]
[Result "1-0"]
[WhiteElo "2049"]
[BlackElo "1629"]
[PlyCount "67"]
[EventDate "2022.11.13"]
[EventType "swiss"]
[EventRounds "9"]
[EventCountry "ALG"]
[SourceTitle "CBM 211 Extra"]
[Source "ChessBase"]
[SourceDate "2023.01.31"]
[SourceVersion "1"]
[SourceVersionDate "2023.01.31"]
[SourceQuality "1"]

1. e4 c5 2. Nf3 Nc6 3. d4 cxd4 4. Nxd4 g6 5. c4 Nf6 6. Nc3 d6 7. Be2 Nxd4 8. Qxd4 Bg7 9. Be3 0-0 10. Qd1 Be6 11. Rc1 Qa5 12. 0-0 Rfc8 13. b3 a6 14. a4 Nd7 15. Nd5 Bxd5 16. exd5 Nc5 17. Bd2 Qd8 18. b4 Ne4 19. Be1 b6 20. Qd3 Nf6 21. f4 b5 22. a5 Qd7 23. Bf2 Qb7 24. cxb5 Qxb5 25. Qxb5 axb5 26. Bxb5 Nxd5 27. Rxc8+ Rxc8 28. a6 Nxb4 29. a7 d5 30. Bc5 Ra8 31. Rb1 Bc3 32. Rb3 d4 33. Be2 Nc6 34. Bf3 1-0

[Event "Rio de Janeiro op"]
[Site "Rio de Janeiro"]
[Date "2022.04.24"]
[Round "6"]
[White "Di Berardino, Diego Rafael"]
[Black "Lutuima, Amaro"]
[Result "1-0"]
[WhiteElo "2490"]
[BlackElo "2068"]
[PlyCount "67"]
[EventDate "2022.04.21"]
[EventType "swiss"]
[EventRounds "6"]
[EventCountry "BRA"]
[SourceTitle "CBM 207 Extra"]
[Source "ChessBase"]
[SourceDate "2022.05.31"]
[SourceVersion "1"]
[SourceVersionDate "2022.05.31"]
[SourceQuality "1"]

1. d4 Nf6 2. Nf3 g6 3. g3 Bg7 4. Bg2 0-0 5. 0-0 d6 6. b3 c5 7. Bb2 Na6 8. c4 Rb8 9. Nc3 d5 10. cxd5 Nxd5 11. Nxd5 Qxd5 12. Ne5 Qd6 13. dxc5 Qc7 14. Nd3 Bxb2 15. Nxb2 Qxc5 16. Nd3 Qa5 17. a3 Bf5 18. e4 Be6 19. b4 Qg5 20. Qc1 Qb5 21. Qe3 Rfd8 22. Nf4 Bc4 23. Rfc1 b6 24. Rc3 Qe5 25. Rac1 Bb5 26. Nd5 Rb7 27. f4 Qe6 28. Qd4 Re8 29. a4 Bxa4 30. Bf1 Nb8 31. b5 Nd7 32. Rc8 Rb8 33. Rxe8+ Rxe8 34. Nc7 1-0

[Event "Rio de Janeiro op"]
[Site "Rio de Janeiro"]
[Date "2022.04.22"]
[Round "3"]
[White "Lutuima, Amaro"]
[Black "Do Valle Cardoso, Lucas"]
[Result "1-0"]
[WhiteElo "2068"]
[BlackElo "2242"]
[PlyCount "144"]
[EventDate "2022.04.21"]
[EventType "swiss"]
[EventRounds "6"]
[EventCountry "BRA"]
[SourceTitle "CBM 207 Extra"]
[Source "ChessBase"]
[SourceDate "2022.05.31"]
[SourceVersion "1"]
[SourceVersionDate "2022.05.31"]
[SourceQuality "1"]

1. e4 c5 2. Nf3 d6 3. d4 cxd4 4. Nxd4 Nf6 5. Nc3 a6 6. Bg5 e6 7. Qd2 Be7 8. Be2 b5 9. a3 Bb7 10. Bf3 Qc8 11. 0-0 Nbd7 12. Rfe1 0-0 13. Nde2 Ne5 14. Rad1 Rd8 15. Qc1 Qc7 16. Ng3 d5 17. exd5 Nxf3+ 18. gxf3 Nxd5 19. Nxd5 Bxd5 20. Bxe7 Qxe7 21. Qf4 Rac8 22. c3 h6 23. Rd4 Bb3 24. Ree4 Rxd4 25. Rxd4 Bd5 26. Qg4 Rf8 27. f4 Ba8 28. Qd1 Qb7 29. f3 Qxf3 30. Qxf3 Bxf3 31. Rd6 Ra8 32. Kf2 Bd5 33. Nf1 Kf8 34. Rd7 Ke8 35. Rc7 Rd8 36. Ne3 Be4 37. Ke1 Rd7 38. Rc8+ Ke7 39. a4 g5 40. fxg5 hxg5 41. axb5 axb5 42. Rc5 f5 43. Rxb5 Kf6 44. c4 Rh7 45. Nd1 Rxh2 46. Nf2 Bf3 47. Rb3 g4 48. c5 Bd5 49. Rc3 Bc6 50. b4 Rh8 51. Rd3 Rb8 52. Rd6 Bd5 53. Nd3 Bc4 54. Nf4 Ke5 55. Ng6+ Ke4 56. c6 g3 57. c7 Rc8 58. Rc6 Bd5 59. Rc3 Bb7 60. Ne7 Ra8 61. Rxg3 Re8 62. Ng6 Rg8 63. Kf2 Kd4 64. b5 Kc5 65. Ne7 Re8 66. c8Q+ Bxc8 67. Nxc8 Kb4 68. Nd6 Rd8 69. Rd3 Rd7 70. b6 Rd8 71. b7 Rb8 72. Ke3 Kc5 1-0

[Event "Wch FIDE Online U18 Africa qual"]
[Site "Tornelo INT"]
[Date "2020.11.29"]
[Round "5"]
[White "Beukes, Dante M"]
[Black "Lutuima, Amaro"]
[Result "1-0"]
[WhiteElo "2129"]
[BlackElo "2039"]
[PlyCount "99"]
[EventDate "2020.11.28"]
[EventType "swiss (rapid)"]
[EventRounds "7"]
[EventCountry "ISS"]
[SourceTitle "EXT 2022"]
[Source "ChessBase"]
[SourceDate "2021.10.06"]
[SourceVersion "1"]
[SourceVersionDate "2021.10.06"]
[SourceQuality "1"]

1. e4 Nf6 2. e5 Nd5 3. d4 d6 4. Nf3 Nb6 5. Be2 g6 6. 0-0 Bg7 7. Nc3 0-0 8. h3 Nc6 9. exd6 cxd6 10. Be3 h6 11. Qd2 Kh7 12. a4 Nd7 13. Rad1 a6 14. Rfe1 Re8 15. Ne4 d5 16. Ng3 e6 17. Bd3 Nf6 18. c3 Rf8 19. Ne5 Ne7 20. Ra1 Nf5 21. Nxf5 exf5 22. a5 Ne4 23. Qc2 Be6 24. Qb3 Rb8 25. Bf4 Qh4 26. g3 Qe7 27. Nf3 Rbc8 28. Qa3 Qd7 29. Ne5 Qd8 30. Qb4 g5 31. Bc1 Qc7 32. Kg2 Rfe8 33. f3 Nxg3 34. Kxg3 f6 35. f4 fxe5 36. fxe5 Kh8 37. Qb3 Qf7 38. Qd1 Rf8 39. Kg2 Qd7 40. Qf3 Rf7 41. Rh1 Rcf8 42. Be3 Kg8 43. Raf1 Qc7 44. Qh5 Qxa5 45. h4 f4 46. Bc1 f3+ 47. Kf2 g4 48. Bxh6 Qb6 49. Bc1 Qc6 50. Qh7# 1-0

[Event "Online Olym Div4 D"]
[Site "Chess.com INT"]
[Date "2020.07.31"]
[Round "2.3"]
[White "Ramos, Miguel"]
[Black "Lutuima, Amaro"]
[Result "0-1"]
[WhiteElo "2032"]
[BlackElo "2050"]
[PlyCount "114"]
[EventDate "2020.07.31"]
[EventType "team-tourn (rapid)"]
[EventRounds "9"]
[EventCountry "USA"]
[SourceTitle "CBM 198"]
[Source "ChessBase"]
[SourceDate "2020.10.31"]
[SourceVersion "1"]
[SourceVersionDate "2020.10.31"]
[SourceQuality "1"]
[WhiteTeam "Netherlands Antilles"]
[BlackTeam "Angola"]
[WhiteTeamCountry "AHO"]
[BlackTeamCountry "ANG"]

1. e3 Nf6 2. b3 d6 3. Bb2 e5 4. Be2 Nc6 5. d3 Be7 6. Nd2 d5 7. Ngf3 Bd6 8. 0-0 0-0 9. e4 Re8 10. Re1 Bg4 11. exd5 Nxd5 12. h3 Bh5 13. Ne4 Nf4 14. c4 Bb4 15. Bc3 Bxc3 16. Nxc3 Bxf3 17. Bxf3 Qxd3 18. Qxd3 Nxd3 19. Bxc6 bxc6 20. Re3 Nf4 21. Rae1 f6 22. Na4 Ne6 23. Rd1 Red8 24. Rde1 Rd2 25. Nc3 Rad8 26. R3e2 Kf7 27. Rxd2 Rxd2 28. Kh2 Rxf2 29. Rd1 Nd4 30. Kg1 Rc2 31. Ne4 Rxa2 32. Nc5 Rb2 33. h4 Ke7 34. Ra1 Nxb3 35. Nxb3 Rxb3 36. Rxa7 Kd6 37. Ra8 Rg3 38. Rd8+ Kc5 39. Rc8 Kxc4 40. Rxc7 Kb5 41. Kh2 Rg4 42. Kh3 h5 43. Rb7+ Ka6 44. Re7 c5 45. Re6+ Kb5 46. Re8 c4 47. Rb8+ Kc5 48. Rc8+ Kd4 49. Rd8+ Ke3 50. Rh8 c3 51. Rxh5 Rc4 52. Rh7 c2 53. Rxg7 c1Q 54. Rg3+ Kf4 55. Rg4+ Kf5 56. h5 Qh1+ 57. Kg3 Rxg4+ 0-1